family guy characters - Statistics

General Stats
  • This quiz has been taken 525 times
  • The average score is 6 of 14
Answer Stats
Answer % Correct
peter
99%
meg
93%
chris
88%
stewie
88%
quagmire
71%
cleveland
59%
louis
46%
bryan
27%
carter petwerschmidt
24%
tom tucker
21%
god
7%
seamus
7%
william shatner
7%
vern
1%
No matching quizzes found
Score Distribution
Percent of People with Each Score
Percentile by Number Answered
Your Score History
You have not taken this quiz